Естествознание (Запись № 654288)

Подробности
000 -МАРКЕР
контрольное поле 01747nam0a2200349 4500
001 - ИДЕНТИФИКАТОР ЗАПИСИ
контрольное поле RU\NLR\bibl\117581
005 - ИДЕНТИФИКАТОР ВЕРСИИ
контрольное поле 20260406050644.0
010 ## - МЕЖДУНАРОДНЫЙ СТАНДАРТНЫЙ НОМЕР КНИГИ (ISBN)
Номер (ISBN) 5-09-10000-4
Тираж 20000
021 ## - НОМЕР ГОСУДАРСТВЕННОЙ РЕГИСТРАЦИИ
Код страны Российская Федерация
Номер 2000-25507
Номер Листа государственной регистраци 1207
035 ## - ДРУГИЕ СИСТЕМНЫЕ НОМЕРА
Идентификатор записи (NLR Aleph) 000115155
100 ## - ДАННЫЕ ОБЩЕЙ ОБРАБОТКИ
Данные общей обработки 20001113d2000 |||y0rusy50 ca
101 0# - ЯЗЫК РЕСУРСА
Язык текста, звукозаписи и т.д. русский
102 ## - СТРАНА ПУБЛИКАЦИИ ИЛИ ПРОИЗВОДСТВА
Страна публикации Российская Федерация
105 ## - ПОЛЕ КОДИРОВАННЫХ ДАННЫХ: ТЕКСТОВЫЕ МАТЕРИАЛЫ, МОНОГРАФИЧЕСКИЕ
Кодированные данные о монографическом текстовом документе ab |||||||||
200 1# - ЗАГЛАВИЕ И СВЕДЕНИЯ ОБ ОТВЕТСТВЕННОСТИ
Основное заглавие Естествознание
Сведения, относящиеся к заглавию Учеб. для 6 кл. общеобразоват. учреждений
Первые сведения об ответственности [А.Н. Воробьев, Р.Г. Иванова, И.Г. Кириллова и др.]
Последующие сведения об ответственности Под ред. акад. Экол. акад. России И.Т. Суравегиной
205 ## - СВЕДЕНИЯ ОБ ИЗДАНИИ
Сведения об издании 3-е изд.
210 ## - ПУБЛИКАЦИЯ, РАСПРОСТРАНЕНИЕ И ДР.
Место издания, распространения и т.д. М.
Имя издателя, распространителя и т. д. Просвещение
Дата издания, распространения и т.д. 2000
215 ## - ФИЗИЧЕСКАЯ ХАРАКТЕРИСТИКА
Специфическое обозначение материала и объем 238, [3] c.
Другие сведения о физической характеристике ил., цв. ил., карт.
Размеры 22
606 0# - НАИМЕНОВАНИЕ ТЕМЫ КАК ПРЕДМЕТ
Наименование темы Естествознание
Формальный подзаголовок Руководства, пособия и т.п.
Системный номер авторитетной/нормативной записи 1049255
Идентификатор авторитетной/нормативной записи RU\NLR\auth\6687283
606 0# - НАИМЕНОВАНИЕ ТЕМЫ КАК ПРЕДМЕТ
Наименование темы Естествознание
Формальный подзаголовок Учебные издания для средней школы
Системный номер авторитетной/нормативной записи 1049255
Идентификатор авторитетной/нормативной записи RU\NLR\auth\6687283
686 ## - ИНДЕКСЫ ДРУГИХ КЛАССИФИКАЦИЙ
Индекс Б.я721-1
701 #1 - ИМЯ ЛИЦА - АЛЬТЕРНАТИВНАЯ ОТВЕТСТВЕННОСТЬ
Начальный элемент ввода Воробьев
Часть имени, кроме начального элемента ввода А. Н.
Расширение инициалов личного имени Андрей Николаевич
Код отношения Автор
701 #1 - ИМЯ ЛИЦА - АЛЬТЕРНАТИВНАЯ ОТВЕТСТВЕННОСТЬ
Код отношения Автор
Материалы, к которым относится поле rus
Графика поля Кириллица
Начальный элемент ввода Иванова
Часть имени, кроме начального элемента ввода Р .Г.
Дополнения к именам, кроме дат педагог
Расширение инициалов личного имени Раиса Георгиевна
Идентификатор авторитетной/нормативной записи RU\NLR\auth\7745836
Системный номер авторитетной/нормативной записи 28771
701 #1 - ИМЯ ЛИЦА - АЛЬТЕРНАТИВНАЯ ОТВЕТСТВЕННОСТЬ
Код отношения Автор
Материалы, к которым относится поле rus
Графика поля Кириллица
Начальный элемент ввода Кириллова
Часть имени, кроме начального элемента ввода И. Г.
Расширение инициалов личного имени Инна Георгиевна
Идентификатор авторитетной/нормативной записи RU\NLR\auth\776099
Системный номер авторитетной/нормативной записи 116054
702 #1 - ИМЯ ЛИЦА - ВТОРИЧНАЯ ОТВЕТСТВЕННОСТЬ
Код отношения Редактор
Материалы, к которым относится поле rus
Графика поля Кириллица
Начальный элемент ввода Суравегина
Часть имени, кроме начального элемента ввода И. Т.
Расширение инициалов личного имени Ирина Трофимовна
Идентификатор авторитетной/нормативной записи RU\NLR\auth\772551
Системный номер авторитетной/нормативной записи 112561
801 #0 - ИСТОЧНИК ЗАПИСИ
Страна Российская Федерация
Организация NLR
Дата составления 20001113
Правила каталогизации PSBO
801 #1 - ИСТОЧНИК ЗАПИСИ
Страна Российская Федерация
Организация NLR
Дата составления 20001113
852 ## - МЕСТОНАХОЖДЕНИЕ И ШИФР ХРАНЕНИЯ
Идентификатор организации NLR
Шифр хранения (Call Number) 2000-5/3660
942 ## - ДОПОЛНИТЕЛЬНЫЕ ЭЛЕМЕНТЫ ЗАПИСИ (АБИС)
Тип экземпляра АБИС Книга
980 ## - КОЛЛЕКЦИЯ
Название коллекции Национальная библиография
Экземпляры
Тип экземпляра Дата поступления Источник поступления Библиотека постоянного хранения Библиотека текущего хранения Место хранения Шифр хранения Штрих-код Статус экземпляра
Книга 13.11.2000 Обязательный экземпляр РНБ (Московский) РНБ (Московский) Русский книжный фонд: издания с 1957 года 2000-5/3660 81073  
Книга 13.11.2000 Обязательный экземпляр РНБ (Московский) РНБ (Московский) Обменный фонд   81074